[Event "GBR-ch 105th"]
[Site "Hull"]
[Date "2018.08.04"]
[Round "8"]
[White "Fernandez, Daniel Howard"]
[Black "Howell, David"]
[Result "0-1"]
[WhiteElo "2485"]
[BlackElo "2687"]
[Annotator "Fernandez,D"]
[PlyCount "122"]
[EventDate "2018.07.28"]
[EventType "swiss"]
[EventRounds "9"]
[EventCountry "ENG"]
[SourceTitle "CBM 186"]
[Source "ChessBase"]
[SourceDate "2018.09.14"]
[SourceVersion "1"]
[SourceVersionDate "2018.09.14"]
[SourceQuality "1"]

1. Nf3 d5 2. e3 Nf6 3. c4 c5 $5 {Played quickly, and the idea was probably to
transpose to a Panov after 4.d4 cxd4 5.exd4 Nc6 6.Nc3.} 4. a3 {Played after a
great many minutes thought. I remember it amused me during the game that at
many points I was actually behind David on the clock, and I then wondered how
common this could possibly be. The following round, Luke McShane went even
further behind David on the clock, proving my suspicions unfounded.} (4. Qa4+
$146 {was the rather original idea I was thinking about.} Bd7 (4... Nbd7 5. Nc3
e6 6. cxd5 exd5 7. d4 {vindicates White's play, though it is not clear whether
he will actually stand better in the IQP position.}) (4... Qd7 5. Qxd7+ {
and now there are many lines, but White's ideas of Nc3-b5 and Ne5/g5 seem to
guarantee an edge and/or the bishop pair in all cases, e.g.} Bxd7 6. Nc3 dxc4
7. Ne5 Nc6 8. Nxd7 Kxd7 9. Bxc4 $14) 5. Qb3 {Now Black too has to play with
some imagination to stay in the game. Unfortunately for me, I saw rather a lot
of ways in which my opponent could do this, e.g.} d4 $5 (5... Bc6 6. Ne5 a6 7.
Nxc6 Nxc6 8. cxd5 Na5 9. Qc2 Nxd5 10. Nc3 $132) (5... e6 6. Qxb7 $44) 6. exd4
cxd4 7. Nxd4 e5 $44) 4... Nc6 5. cxd5 (5. b4 $5 {This was my second original
idea in the game.} d4 $5 (5... e6 $5 6. cxd5 exd5 7. bxc5 d4 $5 {This
incredibly maximalist try was the main reason I rejected 5.b4! However, the
engine thinks I can just take this and probably stand better.}) (5... cxb4 6.
axb4 Nxb4 7. Qa4+ Nc6 8. Nc3 {should give White enough play, and in any case I
rarely mind being material down for approximately adequate compensation.}) 6.
b5 Na5 7. d3 (7. exd4 cxd4 8. Bb2 Bg4 $1 $15 {is surprisingly annoying.}) 7...
dxe3 8. Bxe3 b6 $1 $11 {Black has achieved solid equality, and as so often in
such cases, his position seems easier to play.}) 5... Nxd5 6. d4 {The 'backup'
idea that I had in mind when playing my 4th move.} e6 (6... cxd4 7. Nxd4 Nf6 8.
Nxc6 Qxd1+ 9. Kxd1 bxc6 10. Nd2 $11 {is a position David would love as White,
so it is unsurprising he didn't choose the Black side.}) 7. Be2 (7. dxc5 Bxc5
8. Bd3 $11 {is by no means stupid, but it is clear to me that in this position,
the better player will emerge with a better position after about 4-5 further
moves.}) (7. Nc3 {deserves attention, but I didn't like the structure after}
cxd4 8. exd4 g6 {as I thought a3 to be quite a useless addition.}) 7... cxd4 8.
Nxd4 Bd7 (8... Nf4 $5 {occupied my attention for a while, trying to force me
to take an IQP anyway.} 9. Nxc6 $1 Qxd1+ 10. Bxd1 Nd3+ 11. Kd2 Nxf2 12. Rf1
Ne4+ 13. Kc2 bxc6 14. Bf3 f5 15. Nc3 Ba6 16. Rd1 $11 {The position is level,
but White will have ever so slightly more structural integrity at the end.}) 9.
e4 Nxd4 10. Qxd4 Rc8 $2 {A fairly significant error after half an hour of
thought. Possibly, my opponent was convinced that on psychological grounds I
would have to trade the queens, and simply wanted to do so in the best way he
could.} (10... Qc7 $1 {The best way to pose questions about the legitimacy of
White's quality-over-quantity approach to development.} 11. O-O Nf4 12. Bf3 (
12. Bxf4 Qxf4 13. Nd2 Bc6 $11) 12... e5 13. Bxf4 $1 Bd6 $3 {Black has a more
pleasant position, even if it is still basically equal.}) (10... Qb6 11. Qd3 (
11. Qxb6 Nxb6 12. Be3 Rc8 13. Nd2 $11) 11... Qc7 12. O-O Nf4 $11 {is also
sensible, if a bit counter-intuitive.}) 11. O-O Qb6 12. Qxb6 $2 {Returning the
favour after half a minute of thought...} (12. Qd3 $1 {It is not clear to me
why I didn't choose this move, which is easily the most natural, and which
might even give White an edge.} Nf6 (12... Ne7 13. Nc3 Ng6 14. Rd1 Bc6 15. b4
$1 $14 {has the potential to go even worse for Black}) 13. Nc3 {Now White gets
all kinds of useful developing moves for free, like Qg3, Be3 and e5.} Bc5 14.
e5 $1 Nd5 15. Qg3 $14) 12... Nxb6 13. Nc3 (13. b3 $11 {was my first thought,
but I somehow couldn't countenance leaving development for even one more move,
the bishop pair notwithstanding.}) 13... Nc4 14. Rd1 f6 15. Bxc4 {Not bad as
such, but in practical terms this severely limits my winning potential. Now
Black can relax and play for a win in his own time, which he proceeds to do.}
Rxc4 16. Be3 a6 {There was also ...b6.} 17. Rd3 Rc8 $1 {Correctly noticing
that he has to defend d8 with the rook and not just the bishop.} (17... Be7 18.
Rad1 Bc8 19. b4 Kf7 20. Na4 $1 $132) 18. Rad1 Bc6 19. f3 Be7 20. g4 Kf7 21. Kg2
Rhd8 22. Rxd8 Bxd8 23. h4 Bc7 24. h5 Be5 {There follow some repetitions.} 25.
Bd4 Bb8 26. Bb6 Bf4 27. Kf2 Be8 28. Be3 Be5 29. Bd4 Bf4 30. Be3 Be5 31. Bd4 Bb8
32. Ke2 Bc6 33. Bb6 Bh2 34. Rd8 $2 {Very close to losing by force.} (34. Ke3
$11 {was almost certainly best, trying to play either Ne2 or f4.}) 34... Rxd8
35. Bxd8 Bf4 $1 {Now White goes on tilt, despite his position not yet being
indefensible.} 36. Kd3 (36. b3 g6 37. hxg6+ Kxg6 38. a4 $15 {is a little
unpleasant, but White is not a million miles away from setting up some kind of
Nd3, Be3 fortress.}) 36... f5 37. Bb6 $2 {In perfect chess, maybe the losing
mistake.} Bc1 38. Kc2 Bg5 39. Kd3 Bc1 40. Kc2 Bg5 41. Kd3 h6 $6 (41... fxg4 42.
fxg4 e5 $17) 42. Bd4 $2 (42. Be3 Bxe3 43. Kxe3 fxg4 44. fxg4 Kf6 $15 {was
something I assessed as lost, but in reality it may not be.}) 42... fxg4 43.
fxg4 Bc1 {Now Howell doesn't miss his chance. There isn't any way to keep the
pawn.} 44. Nd1 Bb5+ 45. Kc2 Bf4 46. Nf2 e5 $1 (46... Be2 47. e5 {could still
be a bit interesting.}) 47. Bc5 Be2 48. b4 b5 49. Kc3 Kf6 50. Bd6 $2 (50. Kc2
Bg3 51. Kd2 Bxf2 52. Bxf2 Bxg4 53. Bb6 Bxh5 54. Ke3 Ke6 {I assessed this
position type as lost, though maybe it still forces Black to find an idea or
two. The general idea is that Black plays ...g5-g4, then ...Bf3-h1 to tie the
White king to e3, then ...Kh5, and finally ...g3. Matters become a little bit
complicated if White takes on e5, but not too much. For instance:} 55. Kf2 Bd1
56. Bc7 g5 57. Ke3 g4 58. Bd8 Bf3 59. Bh4 Kf7 60. Bg3 Kf6 61. Bh4+ Kg6 62. Bd8
Bh1 63. Be7 Kh5 $19) 50... Be3 51. Nd3 Bd4+ 52. Kd2 Bxd3 {Simply taking on g4
also wins.} 53. Kxd3 Kg5 54. Bc5 Ba1 55. Bf8 Kxg4 56. Bxg7 Kxh5 57. Ke3 Bb2 58.
Kf3 Kg6 59. Bh8 h5 60. Kg3 Bxa3 61. Bxe5 Bxb4 0-1

[Event "Ashdod op"]
[Site "Ashdod"]
[Date "2004.12.14"]
[Round "7"]
[White "Zak, Uriel"]
[Black "Golod, Vitali"]
[Result "1/2-1/2"]
[WhiteElo "2363"]
[BlackElo "2554"]
[Annotator "Golod,V"]
[PlyCount "67"]
[EventDate "2004.12.09"]
[EventType "swiss"]
[EventRounds "9"]
[EventCountry "ISR"]
[SourceTitle "CBM 103 Extra"]
[Source "ChessBase"]
[SourceDate "2005.01.01"]
[SourceVersion "1"]
[SourceVersionDate "2005.01.01"]
[SourceQuality "1"]

1. b3 d5 2. Bb2 Bg4 $5 {I have decided to apply this idea only before the game.
This move is directed against 3.e3 (ףd1).} 3. Nf3 {It's one of numerous
opportunities in this position.} Bxf3 {Differently it is not clear, why I made
the previous move?} 4. exf3 e6 5. g3 Nf6 6. Bg2 g6 $5 ({It deserves more
attention:} 6... a5 $5 {/\a4}) 7. O-O $140 Bg7 {The correct decision, it's
successful place for black square bishop.} 8. f4 O-O 9. d4 $5 {The a little
bit sample decision and nevertheless, in my opinion,it was not necessary to
hasten with this move.} ({Once:} 9. Re1) ({and also twice:} 9. d3 $5 {
/\Nd2-f3-e5 were checked up in previous games.}) 9... a5 $5 $146 ({I have
found three games,which have reached this position. They were continued as
follows:} 9... Ne4 $5 10. Qe2 Nd6 11. c3 Nd7 12. Rd1 a5 13. c4 Re8 14. a4 Nf5
$11 {Milov,L-Savchenko,S/Donetsk,1998(1/2-1/2)(31)}) (9... Nbd7 10. Nd2 a5 11.
a4 c6 12. Nf3 b5 13. Ne5 Qb6 14. Qe2 b4 15. Rad1 Rac8 16. g4 Rfd8 $13 {
Damljanovic,B-Khenkin,I/Herceg Novi,2001(1/2-1/2)(43)}) ({and} 9... c6 10. c4
Nbd7 11. Nd2 c5 $6 12. Nf3 (12. dxc5 $5) 12... dxc4 13. bxc4 cxd4 14. Nxd4 Nc5
15. Nb3 $14 {Nogueiras,J-Krivoshey,S/Dos Hermanas,2003(1-0)(73)}) 10. Nd2 a4 {
It became already clear,that Black have decided all opening problems.} 11. c4
c6 12. Bc3 {White have created threat: 13.bxa4} Nfd7 $6 {Absolutely
unjustified sacrifice of the pawn, but I wanted to complicate the position.} (
12... b5 $142 $11) 13. bxa4 {Uriel Zak agrees to accept the sacrifice of the
pawn, that to occupy a <->b.} Nb6 14. a5 $1 ({Leads to favourable
complications for Black:} 14. Qb3 $6 Nxa4 15. Qxb7 $140 Na6 $13 {[%csl Yc3,Rd4,
Gg7][%cal Ga4c3,Yc3d4]}) 14... Nxc4 15. Nxc4 dxc4 16. Qe2 $6 {White has
selected the most irresolute continuation.} (16. Rb1 $142 c5 $140 17. Rxb7 $1
cxd4 18. Bb4 Re8 19. Qa4 $14) 16... Bxd4 $1 {Now Black has an equal chances in
the subsequent tactical complications.} 17. Rad1 $140 {At this moment my
contender,already in the second time has offered me a draw.} Bxc3 $1 {The fast
draw was not included into my plans:} (17... c5 18. Qxc4 Nc6 19. Bxc6 (19. Bxd4
$144 cxd4) 19... bxc6 20. Bxd4 cxd4 21. Rxd4 Qxa5 $11) 18. Rxd8 Rxd8 19. Qxc4
Bxa5 $13 20. Qb3 Rd7 (20... b5 $5) 21. Rd1 $1 {For White it's certainly
favourable to exchange these rook,as after this it will be much easier to
reach up to weaknesses of black's camp.} Bb6 $6 {I rather clumsily place the
pieces.} (21... Rxd1+ $142 22. Qxd1 Na6 $13) 22. a4 $1 {This move is compels
of Black,early or late, to exchange the rooks.} ({A little prematurely:} 22. h4
Bd4 (22... Ra3 $2 {[%csl Rd1,Rg1,Rg3]} 23. Qxa3 Rxd1+ 24. Kh2 {/\Qa8 or Qe7
(קb7)}) 23. h5 (23. Rxd4 $2 Rxd4 24. Qxb7 Rda4 $15) 23... b5 $13) 22... Ra7 {
[%csl Ya7,Rb7][%cal Ya7b7]} (22... Bd4 $6 23. Rd2 {/\Qd1}) 23. Bh3 {This move
is the "harbinger" of forthcoming interesting events in this game.} Rxd1+ 24.
Qxd1 Na6 25. Qb3 $5 (25. Bxe6 fxe6 $140 26. Qd7 {[%csl Rg8][%cal Gd7e6,Gd7e8]
with perpetual check.}) 25... Bc5 $1 ({Leads to very hard position:} 25... Bd8
$2 26. Bxe6 $1 fxe6 27. Qxe6+ Kf8 28. Qd7 $1 Be7 $140 29. Qd4 $16 {[%csl Ra7,
Rf8,Rh7][%cal Gd4h8,Gd4a7]}) 26. Bxe6 $1 {Here my opponent again offered me a
draw,when I had something like 15-20 minutes.The position is unclear,the both
opponents has counterchances,and it is quite dangerous to play it on such time,
but I have decided to continue a game.} fxe6 27. Qxe6+ Kg7 28. Qd7+ Kg8 29.
Qe6+ Kf8 $6 {I consciously worsen the position,that my contender could
continue a game,but he has other plans...} (29... Kg7 $11) 30. Qf6+ ({I
correctly was afraid:} 30. f5 $5 gxf5 31. Qxf5+ Kg7 32. Qg5+ (32. h4 $5 b5 {
[%csl Ga7,Gc5,Rf2][%cal Ga7f7]}) 32... Kf7 $13) 30... Kg8 31. Qe6+ Kg7 32. Qd7+
Kg8 {Now I can not evade from repetition of moves.} 33. Qe6+ ({After:} 33. f5
gxf5 34. Qe6+ Kg7 35. Qxf5 {with loss of tempo we receive a position from a
variation: 30.f5!?}) 33... Kg7 34. Qd7+ {Uriel Zak has achieved his purpose :)}
1/2-1/2

[Event "Hastings 9697"]
[Site "Hastings"]
[Date "1996.??.??"]
[Round "5"]
[White "Conquest, Stuart"]
[Black "Flear, Glenn C"]
[Result "1/2-1/2"]
[WhiteElo "2585"]
[BlackElo "2435"]
[Annotator "Hecht,H"]
[PlyCount "76"]
[EventDate "1996.12.??"]
[EventType "tourn"]
[EventRounds "9"]
[EventCountry "ENG"]
[EventCategory "13"]
[SourceTitle "CBM 057"]
[Source "ChessBase"]
[SourceDate "1997.04.01"]
[SourceVersion "1"]
[SourceVersionDate "1997.04.01"]
[SourceQuality "1"]

1. Nf3 d5 2. b3 Bg4 3. Bb2 Nd7 4. e3 e6 5. d3 Ngf6 6. Nbd2 h6 7. h3 Bh5 8. Qe2
Be7 9. g4 Bg6 10. Rg1 c6 11. h4 Qc7 12. g5 hxg5 13. hxg5 Nh5 14. Bg2 O-O-O 15.
O-O-O Kb8 16. Rh1 e5 17. Kb1 Bf5 18. Nxe5 Nxe5 19. Rxh5 Bg4 20. Bxe5 Bxe2 21.
Bxc7+ Kxc7 22. Rxh8 Rxh8 23. Rg1 Rh2 24. d4 g6 25. Kc1 Bxg5 26. Bf3 Rxf2 27.
Bxe2 Bxe3 28. Kd1 Rxe2 29. Kxe2 Bxg1 30. Nf3 Bxd4 31. Nxd4 {[#] Witzige
Abwicklung! Remismotiv: ewige Springerverfolgung} c5 (31... Kd6 $5) 32. Nb5+
Kc6 33. Nxa7+ Kb6 34. Nc8+ Kc7 35. Ne7 Kd6 36. Nc8+ (36. Ng8 Ke6 37. Kf3 f5 38.
Kf4 Kf7 39. Nh6+ Kf6 40. a4 g5+ 41. Kf3 Kg6 42. Ng8 Kf7 $11) 36... Kc7 37. Na7
Kb6 38. Nc8+ Kc7 1/2-1/2

[Event "Brno Morava-B"]
[Site "Brno"]
[Date "1991.??.??"]
[Round "1"]
[White "Bagirov, Vladimir"]
[Black "Polgar, Sofia"]
[Result "1/2-1/2"]
[WhiteElo "2485"]
[BlackElo "2430"]
[Annotator "Horn,Pe"]
[PlyCount "96"]
[EventDate "1991.09.??"]
[EventType "tourn"]
[EventRounds "11"]
[EventCountry "CZE"]
[EventCategory "10"]
[SourceTitle "CBM 026"]
[Source "ChessBase"]
[SourceDate "1992.02.01"]
[SourceVersion "1"]
[SourceVersionDate "1992.02.01"]
[SourceQuality "1"]

1. b3 c5 2. Bb2 d5 3. e3 Nf6 4. Nf3 Nc6 5. Bb5 Bd7 6. O-O e6 7. d3 Bd6 {N} (
7... Be7 $14) 8. e4 d4 (8... dxe4 9. dxe4 Nxe4 10. Re1 (10. Bxg7 Rg8 11. Bb2)
10... f5 11. Nbd2 Nxd2 12. Qxd2 $146) 9. Nbd2 (9. Bxc6 Bxc6 10. e5 Bxf3 11.
Qxf3 Bxe5 12. Qxb7 O-O $13) 9... e5 10. Nc4 Qe7 $8 11. c3 O-O 12. Bxc6 Bxc6 13.
cxd4 cxd4 14. a4 $14 {/\ Nxd6,Ba3. Der Bb2 ist sehr lebendig.} Rfc8 15. Nh4 Bd7
16. Qf3 (16. Nf5 $5 Bxf5 17. exf5 {/\ Qf3+/-} Nd5 $6 18. Re1 {/\ Bxd4} Qf6 19.
Qf3 Ne7 (19... Nf4 20. g3 Nh3+ 21. Kg2 Ng5 22. Qd5) 20. g4 $36 (20. Nxd6 Qxd6
21. Ba3 Qf6 22. Qxb7 Nxf5 23. Qd5)) (16. f4 $6 Ng4) 16... g6 17. Bc1 {/\ Bg5}
Ne8 18. g3 Bc7 19. Qe2 (19. Ba3) 19... Ng7 20. Ng2 {/\ f4} Bc6 21. Ba3 Qd7 22.
Qd2 (22. f4 exf4 23. gxf4 f5) 22... Re8 23. Rae1 b6 24. Rc1 (24. f4 exf4 25.
gxf4 f5 $132) 24... Bb7 25. Rc2 a6 26. Rfc1 {/\ Na5} Ne6 27. h4 Qd8 28. Qh6 Rc8
29. Nd2 Qf6 30. Ne1 Bb8 31. Rxc8 Rxc8 32. Rxc8+ Bxc8 33. Nc4 $1 (33. Nef3 b5
34. axb5 axb5 35. Ng5 Qg7 36. Qxg7+ Nxg7) 33... Ng7 34. Qg5 (34. Qd2 $5 {
/\ Qb4+/-}) 34... Qxg5 35. hxg5 b5 (35... Bc7 36. Nf3 $18) 36. axb5 axb5 37.
Nd6 Be6 38. Nf3 Bxb3 39. Nxe5 Ne8 $1 40. Nxe8 Bxe5 41. f4 b4 $1 42. Bxb4 Ba4
43. fxe5 (43. Nf6+ Bxf6 44. gxf6 Bc2) 43... Bxe8 44. Kf2 (44. Bc5 $2 Bb5 45.
Bxd4 Bxd3 $10) 44... Bb5 45. Ke2 Ba6 46. Bc5 Bb5 47. Bxd4 Kf8 48. Bc5+ Ke8 $14
1/2-1/2

[Event "Budapest zt 1.4"]
[Site "Budapest"]
[Date "2000.06.19"]
[Round "3"]
[White "Blatny, Pavel"]
[Black "Balogh, Tomas"]
[Result "0-1"]
[WhiteElo "2512"]
[BlackElo "2433"]
[Annotator "Horn,Pe"]
[PlyCount "92"]
[EventDate "2000.06.17"]
[EventType "swiss"]
[EventRounds "9"]
[EventCountry "HUN"]
[SourceTitle "CBM 078"]
[Source "ChessBase"]
[SourceDate "2000.10.18"]
[SourceVersion "1"]
[SourceVersionDate "2000.10.18"]
[SourceQuality "1"]

1. Nf3 Nf6 2. b3 d5 3. Bb2 Bf5 4. d3 e6 5. Nh4 Bg6 6. g3 (6. Nd2 c5 7. g3 Nc6
8. Bg2 Be7 9. Nxg6 hxg6 10. c4 d4 11. a3 a5 12. O-O Qc7 13. b4 $14 {
Schmittdiel,E-Palat,A/Geneve 1997}) 6... a5 $146 (6... Nbd7 7. Bg2 Bd6 8. Nd2
c6 9. O-O Bh5 10. c4 O-O 11. d4 e5 12. Nf5 Bc7 13. cxd5 Nxd5 14. Nc4 Qf6 15.
Nfe3 Nxe3 16. Nxe3 exd4 17. Bxd4 Be5 $11 {Ivankovic,G-Quiring,J/Richmond 1999})
7. Bg2 a4 8. Na3 c6 9. O-O Be7 10. c4 O-O 11. Qd2 axb3 12. axb3 Nbd7 13. Nc2
Qb6 14. Nxg6 hxg6 15. b4 Rfd8 16. Qc3 (16. c5 $5 Qc7 17. f4 b6 18. cxb6 Qxb6+
19. Bd4 c5 20. bxc5 Bxc5 21. e3 $14 {In Anbetracht der symmetrischen
Bauernstruktur bleibt die schwarze Stellung schwer zu erschüttern.}) 16... Ne8
17. c5 Qc7 18. d4 b6 19. Rfb1 Bf6 20. e4 bxc5 21. bxc5 Rdb8 {Die schwarze
Stellung ist gedrückt, aber sehr fest.} 22. Rxa8 ({Hier und im folgenden
konnte Weiß sein Raumübergewicht festigen mit} 22. e5 $14) 22... Rxa8 23. Nb4 (
23. e5 $14) 23... Qb7 24. exd5 exd5 25. Bh3 ({Eine weitere Öffnung konnte Weiß
mit} 25. Nxd5 cxd5 26. c6 Qc7 27. cxd7 Qxd7 28. Rc1 $14 {erreichen, allerdings
um den Preis einer weitgehenden Vereinfachung.}) 25... Nf8 26. Qe1 (26. Bc1 Nc7
27. Qd3 $14) 26... Nc7 27. Bc3 Rb8 28. Bf1 Nfe6 29. Qe3 (29. Bd3 $14) 29... Qa8
30. h4 Qa4 31. Qd3 $2 {Sieht wie ein Übersehen aus.} (31. Qd2 $14) 31... Bxd4
32. Bxd4 Rxb4 33. Ra1 Qb3 34. Bc3 $2 ({Relativ besser war} 34. Qxb3 Rxb3 35.
Be5 Nb5 36. Ra6 Nxc5 37. Rxc6 Nd3 $17) 34... Rc4 35. Be5 Qxd3 36. Bxd3 Rxc5 37.
h5 d4 38. Re1 gxh5 39. f4 Rc3 40. Rd1 Nd5 41. Be2 Rxg3+ 42. Kf2 h4 43. f5 Nef4
44. Rxd4 Nxe2 45. Re4 Nec3 46. Rxh4 Rg5 0-1

[Event "Ljubljana Iskra"]
[Site "Ljubljana"]
[Date "1992.??.??"]
[Round "?"]
[White "Gostisa, Leon F"]
[Black "Jelen, Iztok"]
[Result "1-0"]
[WhiteElo "2430"]
[BlackElo "2425"]
[Annotator "Horn,Pe"]
[PlyCount "77"]
[EventDate "1992.??.??"]
[EventType "tourn"]
[EventRounds "11"]
[EventCountry "SLO"]
[EventCategory "8"]
[SourceTitle "CBM 031"]
[Source "ChessBase"]
[SourceDate "1992.12.01"]
[SourceVersion "1"]
[SourceVersionDate "1992.12.01"]
[SourceQuality "1"]

1. Nf3 d5 2. b3 c5 3. e3 Nf6 4. Bb5+ Bd7 5. c4 $5 {mit vertauschten Farben (1.
d4 Nf6 2.c4 e6 3.Nf3 Bb4 4.Bd2 c5) eine in den letzten Jahren aktuelle
Fortsetzung} Bxb5 6. cxb5 g6 7. O-O Bg7 8. Bb2 {Das Mehrtempo (b3) erweist
sich als nützlich} a6 9. Qc2 $1 Nbd7 (9... axb5 10. Qxc5 $14) 10. Nc3 O-O 11.
d3 e5 $6 (11... e6 $10) 12. bxa6 Rxa6 (12... bxa6 $6 13. e4 $16) 13. e4 $1 d4
14. Nb5 $14 {Weiß hat die positionellen Trümpfe: richtiger B, Herrschaft auf
den weißen Feldern} Nh5 $6 (14... Ne8 {/\ Nd6+/=}) 15. Bc1 Rc6 16. Nd2 f5 17.
Nc4 Kh8 18. Bd2 f4 19. f3 g5 $6 (19... Qe7 $14) 20. Nbd6 Qb8 21. Nf5 Bf6 {
/\ Ng7} 22. g4 $1 Ng7 23. Nxg7 Kxg7 24. a4 Be7 25. Rab1 h5 $6 (25... b6 26. b4
cxb4 27. Bxb4 Bxb4 28. Rxb4 $16) (25... b5 26. axb5 Qxb5 $14) 26. gxh5 Rh8 27.
Na5 Rch6 28. b4 b6 29. bxc5 $1 Bxc5 30. Rf2 Qa7 31. Nc4 Rxh5 32. Bb4 Rc8 $2 33.
Nd6 $1 Rc6 34. Nf5+ Kf6 35. Qc4 {/\ Qg8+-} Rh8 36. Qd5 Qc7 37. Rc2 Rd8 38. h4
$1 gxh4 39. Be1 1-0

[Event "Ciocaltea Memorial"]
[Site "Bucharest"]
[Date "2003.03.10"]
[Round "7"]
[White "Czebe, Attila"]
[Black "Ionescu, Constantin"]
[Result "1-0"]
[WhiteElo "2466"]
[BlackElo "2473"]
[Annotator "Horn,Pe"]
[PlyCount "71"]
[EventDate "2003.03.04"]
[EventType "tourn"]
[EventRounds "13"]
[EventCountry "ROU"]
[EventCategory "9"]
[SourceTitle "CBM 094"]
[Source "ChessBase"]
[SourceDate "2003.05.26"]
[SourceVersion "1"]
[SourceVersionDate "2003.05.26"]
[SourceQuality "1"]

1. b3 d5 2. Nf3 c5 3. Bb2 f6 {Fischer} 4. e4 {Keene 1977} dxe4 5. Nh4 Nh6 6.
Nc3 $1 {Czebe} (6. Qh5+ $2 g6 7. Qxc5 g5 $19 {Bagirov,V-Sakaev,K/Moscow 1992})
(6. Bb5+ Bd7 7. Qh5+ Nf7 8. Nc3 (8. Qxc5 g5 $19) 8... Bxb5 9. Nxb5 g5 $17 {
Kogan,A-Novikov,I/Antwerp 1996}) 6... Bg4 (6... f5 7. Qh5+ g6 8. Nxg6 hxg6 9.
Qxg6+ Nf7 10. Bc4 e6 11. Nxe4 Rh6 12. Nf6+ Qxf6 13. Qxf6 Rxf6 14. Bxf6 $16) 7.
Be2 Bxe2 ({Die Premiere von 6.Nc3 verlief spannend:} 7... Qd7 8. Nxe4 e5 9.
Bxg4 Qxg4 10. Qxg4 Nxg4 11. Nf5 Nd7 12. Ned6+ Bxd6 13. Nxd6+ Ke7 14. Nxb7 a5
15. Bc3 a4 16. Na5 $16 {Czebe,A-Tukmakov,V/Lugano 1999}) 8. Qxe2 Nc6 9. Nxe4 e5
10. f4 Qe7 (10... f5 11. Ng5 $16 (11. Qh5+ $2 Kd7 12. Nxf5 g6 $132)) 11. O-O
O-O-O 12. fxe5 Nxe5 13. Rae1 Qc7 14. d3 Nhf7 15. Nf5 $16 h5 16. h3 Qc6 17. Qf2
Re8 $2 (17... a6) 18. b4 $1 cxb4 (18... g6 19. Ne3 f5 20. Nxc5 Bxc5 21. bxc5
Qxc5 22. Nc4 $18) 19. Qxa7 Qa6 20. Qf2 g6 21. Nh4 f5 22. Ng5 Nxg5 23. Bxe5 Rg8
24. Nf3 Ne6 (24... Nxf3+ 25. Qxf3 Bc5+ 26. Kh1 $40 {[%csl Ge5] und die
Aussichten für den Kc8 sind trübe.}) 25. Kh1 (25. c4 $5) 25... Bc5 26. Qh4 Be7
(26... g5 27. Qxh5 g4 28. hxg4 fxg4 29. Nd2 $18) 27. Qg3 $6 (27. Qf2 $142 $16)
27... Rd8 $2 (27... g5 $142) 28. Qf2 Rde8 $2 (28... Rge8) 29. c3 $1 $18 bxc3 (
29... Qxd3 30. cxb4 $18) 30. Rc1 Bb4 31. Qb2 $1 (31. Bxc3 Bxc3 32. Rxc3+ Kb8
33. Ne5 $40) 31... Ba5 32. Bxc3 Bxc3 (32... Bc7 33. Be5 Kb8 34. Bxc7+ Nxc7 35.
Ne5 $18) 33. Rxc3+ Kd8 (33... Kb8 34. Ne5 $18) 34. Rfc1 Rg7 35. Rc8+ Kd7 36.
R8c7+ (36. Ne5+ $18) (36. R8c7+ Nxc7 37. Qxg7+ Re7 38. Rxc7+ Kxc7 39. Qxe7+ $18
) 1-0